Papers on the Political Economy of Tanzania (Record no. 2513)

MARC details
000 -LEADER
fixed length control field 00348nam a22001217a 4500
008 - FIXED-LENGTH DATA ELEMENTS--GENERAL INFORMATION
fixed length control field 230623b xxu||||| |||| 00| 0 eng d
082 ## - DEWEY DECIMAL CLASSIFICATION NUMBER
Classification number 330.967
Item number KIM 1979
110 ## - MAIN ENTRY--CORPORATE NAME
Subordinate unit Economic Research Bureau
245 ## - TITLE STATEMENT
Title Papers on the Political Economy of Tanzania
260 ## - PUBLICATION, DISTRIBUTION, ETC. (IMPRINT)
Place of publication, distribution, etc. Nairobi
Name of publisher, distributor, etc. Heinemann Educational Books
Date of publication, distribution, etc. 1979
300 ## - PHYSICAL DESCRIPTION
Extent IX,294p
942 ## - ADDED ENTRY ELEMENTS (KOHA)
Source of classification or shelving scheme Dewey Decimal Classification
Koha item type Books
Holdings
Withdrawn status Lost status Source of classification or shelving scheme Damaged status Not for loan Home library Current library Date acquired Total Checkouts Full call number Barcode Date last seen Price effective from Koha item type
    Dewey Decimal Classification     County Hall Archives County Hall Archives 06/23/2023   330.967 KIM 1979 1`0000227 06/23/2023 06/23/2023 Books
    Dewey Decimal Classification     County Hall Archives County Hall Archives 07/04/2023   338.96 KIM 10000304 07/04/2023 07/04/2023 Books
LIBRARY OPENING HOURS

When the Parliament is sitting: 8.00a.m - 7.00p.m or until the house adjourns
Mondays and Fridays and when the House is on Recess:  8.00a.m - 5.00p.m
Closed on Weekends and Public Holidays

Online Public Access Catalog (OPAC)
Website: http://www.parliament.go.ke
Bunge Library: https://libraryir.parliament.go.ke
Contact: library@parliament.go.ke | Tel no: (254-2)2221291 or 2848000 Ext 5043